| 000 | 01785cam a2200289 i 4500 | ||
|---|---|---|---|
| 001 | 1261078 | ||
| 003 | ARRUPE | ||
| 005 | 20131203174934.0 | ||
| 008 | 760519s1975 mau b 000 0 eng | ||
| 010 | _a 74015184 | ||
| 020 | _a066992833X | ||
| 040 |
_aDLC _cDLC _dDLC |
||
| 043 | _ae------ | ||
| 050 | 0 | 0 |
_aHD8376 _b.W67 |
| 082 | 0 | 0 | _a301.44/42/094 |
| 245 | 0 | 4 |
_aThe working class in modern Europe / _cedited and with an introd. by Mary Lynn McDougall. |
| 260 |
_aLexington, Mass. : _bHeath, _c[1975] |
||
| 300 |
_axvii, 185 p. ; _c21 cm. |
||
| 440 | 0 |
_aProblems in European civilization _94924 |
|
| 504 | _aBibliography: p. 180-185. | ||
| 505 | 0 | _aEconomic activism, 1811-1937: Thompson, E. P. Luddism, a revolutionary movement. Church, R. A. and Chapman, S. D. Luddism distinct from constitutional reform. Stearns, P. N. Early strike activity in France. Hobsbawm, E. J. General labor unions in Britain. Mitzman, A. Sit-in strikes in France (1936-1937).--Political militancy, 1834-1939: Briggs, A. Chartism's geographic and economic divisions. Rudé, G. The crowd in the French Revolution of 1848. Roth, G. German social democracy to the average member. Joll, J. Anarchism and syndicalism. Campbell-Balfour, W. The Labour Party in the depression.--Working-class life: Wohl, A. S. Working-class housing in nineteenth-century London. Anderson, M. Working-class families during the Industrial Revolution. Young, M. and Willmott, P. Working-class families in the suburbs. Neuman, R. P. Working-class sexuality. Roberts, R. A working-class community. | |
| 650 | 0 |
_aWorking class _zEurope. _94925 |
|
| 651 | 0 |
_aEurope _xSocial conditions. _94926 |
|
| 700 | 1 |
_aStewart, Mary Lynn, _d1945- _94927 |
|
| 906 |
_a7 _bcbc _corignew _du _eocip _f19 _gy-gencatlg |
||
| 942 |
_2lcc _cMONOGRAPH |
||
| 999 |
_c119020 _d119020 |
||